00788nam a2200229Ia 4500003000900000008004100009020001800050040001600068080001500084245009200099260003200191300001700223650002500240650003300265650003200298650002100330700003200351700003400383942000700417999001500424952011900439IN-BaIIA211028s9999 xx 000 0 eng d a0-07-016218-2 cIIA Library a624.2bTIM 0aTime-Saver standards for building typescedited by Joseph De Chiara and J. H. Callender aNew YorkbMcGraw-Hillc1973 axiii, 1065p. a Architecture98725 a Building materials 98726 a Civil engineering 98727 aNASA thesaurus  aCallender, J. H., ed.98728 aDe Chiara, Joseph., ed.98729 cBK c4879d4879 00104070aBANbBANcGENd1976-07-08g315.25l0o624.2/ TIMp5461r2021-11-05v315.25w1976-07-08yBKGRs. 315.25